Diccionarios jurídico temáticos : derecho internacional público /

محفوظ في:
التفاصيل البيبلوغرافية
المؤلف الرئيسي: Castro Villalobos, José Humberto (autor)
مؤلفون آخرون: Agramón Gurrola, Claudia Verenice (autor) (autor), Pereznieto Castro, Leonel (dirección) (dirección)
التنسيق: كتاب
اللغة:الإسبانية
منشور في: México : Oxford University, 2002, c2002
سلاسل:(Diccionarios Jurídicos Temáticos. Segunda Serie ; 7)
الموضوعات:
الوسوم: إضافة وسم
لا توجد وسوم, كن أول من يضع وسما على هذه التسجيلة!

MARC

LEADER 00000nam^a2200000^a^4500
001 000136252
005 20250521000000.0
009 20260310095311.926
020 |a 970-613-432-8 
037 |a Acervo ITESO - Biblioteca 
041 |a ESP 
082 |a 340. 03  |b PER V. 7 
100 |a Castro Villalobos, José Humberto  |e (autor) 
240 1 1 |a [Diccionarios jurídico temáticos] 
240 1 1 |a [Diccionario jurídico Harla] 
245 1 0 |a Diccionarios jurídico temáticos :  |b derecho internacional público /  |c Dir. y presen. de L. Pereznieto Castro ; J.H. Castro Villalobos, C.V. Agramón Gurrola. 
264 4 |a México :  |b Oxford University,  |c 2002, c2002 
300 |a [IV], 138 p. 
336 |a texto  |b txt  |2 rdacontenido 
337 |a sin mediación  |b n  |2 rdamedio 
338 |a volumen  |b nc  |2 rdasoporte 
440 1 |a (Diccionarios Jurídicos Temáticos.  |p Segunda Serie ;  |v 7) 
521 |a 2011 BO Licenciatura en Derecho 
649 |a XX 
650 |a Derecho -  |x Enciclopedias y Diccionarios 
650 |a Derecho Internacional Público -  |x Enciclopedias y Diccionarios 
650 |a Derecho Positivo -  |x Enciclopedias y Diccionarios 
650 |a Enciclopedias y Diccionarios 
700 |a Agramón Gurrola, Claudia Verenice  |e (autor) 
700 |a Pereznieto Castro, Leonel  |e (dirección) 
910 |a Fondo General 
920 |a Impresos - Libros 
930 |a Obras de Referencia 
905 |a 102 
901 |a 0500064802  |b IT2  |c REF  |u 20250521 
902 |a https://opac.biblio.iteso.mx/vufind/Record/000136252